Renal nursing : (Record no. 32459)

000 -LEADER
fixed length control field 00705nam a22002057a 4500
008 - FIXED-LENGTH DATA ELEMENTS--GENERAL INFORMATION
fixed length control field 260602b |||||||| |||| 00| 0 eng d
020 ## - INTERNATIONAL STANDARD BOOK NUMBER
International Standard Book Number 9781394178766
050 ## - LIBRARY OF CONGRESS CALL NUMBER
Classification number RC 918
Item number .R4 2024
100 ## - MAIN ENTRY--PERSONAL NAME
Personal name Thomas Nicola
245 ## - TITLE STATEMENT
Title Renal nursing :
Remainder of title Care and management of people with kidney disease /
Statement of responsibility, etc. edited by Nicola Thomas and Helen Noble
250 ## - EDITION STATEMENT
Edition statement 6th ed.
260 ## - PUBLICATION, DISTRIBUTION, ETC. (IMPRINT)
Place of publication, distribution, etc. Hoboken, NJ
Name of publisher, distributor, etc. Wiley Blackwell
Date of publication, distribution, etc. 2024
300 ## - PHYSICAL DESCRIPTION
Extent x, 352p. :
Other physical details ill. ;
Dimensions 25cm.
504 ## - BIBLIOGRAPHY, ETC. NOTE
Bibliography, etc includes bibliographic references and index
650 ## - SUBJECT ADDED ENTRY--TOPICAL TERM
Topical term or geographic name as entry element Renal dialysis nursing.
650 ## - SUBJECT ADDED ENTRY--TOPICAL TERM
Topical term or geographic name as entry element Kidney diseases-nursing.
700 ## - ADDED ENTRY--PERSONAL NAME
Personal name Thomas Nicola
700 ## - ADDED ENTRY--PERSONAL NAME
Personal name Noble Helen
942 ## - ADDED ENTRY ELEMENTS (KOHA)
Source of classification or shelving scheme
Classification part RC 918 .R4 2024
Koha item type Hard Covered Materials
Holdings
Withdrawn status Lost status Source of classification or shelving scheme Damaged status Not for loan Home library Current library Shelving location Date acquired Source of acquisition Total Checkouts Full call number Barcode Date last seen Price effective from Koha item type
          MACHAKOS UNIVERSITY LIBRARY MACHAKOS UNIVERSITY LIBRARY Open shelf 21/05/2026 KNTCC   RC 918 .R4 2024 40510 02/06/2026 02/06/2026 Hard Covered Materials
          MACHAKOS UNIVERSITY LIBRARY MACHAKOS UNIVERSITY LIBRARY Open shelf 21/05/2026 KNTCC   RC 918 .R4 2024 40511 02/06/2026 02/06/2026 Hard Covered Materials
          MACHAKOS UNIVERSITY LIBRARY MACHAKOS UNIVERSITY LIBRARY Open shelf 21/05/2026 KNTCC   RC 918 .R4 2024 40512 02/06/2026 02/06/2026 Hard Covered Materials
© Machakos University Library, Along The Highway, Machakos Wote Rd, Machakos, Kenya P.O. Box 136 - 90100 Machakos - Kenya

Tel: ( +254 ) 723 805829 OR Fax : 044-20353 OR Email: library@mksu.ac.ke